00213nam a2200097Ia 4500008004100000100001700041245002400058260001600082260000900098300000800107170620s9999 xx 000 0 und d aMishra- R.C. 0aHIV/Aials Education bA.P.H. Pub. c2005 a325